Naval strategy compared and contrasted with the principles and practice of military operations on land : lectures delivered at the U. S. Naval War College, Newport, R.I., between the years 1887 and 1911 /

Bibliographic Details
Main Author: Mahan, A. T. (Alfred Thayer), 1840-1914
Format: Book
Language:English
Published: Boston : Little, Brown, and Co., 1911
Subjects:

MARC

Tag First Indicator Second Indicator Subfields
LEADER 00000cam a2200000 4500
001 in00000055017
005 20151008052142.0
008 760326s1911 mau 00100 eng
010 |a  11031652  
035 |a (OCoLC)02069696 
035 |9 AAH1936AM 
040 |a DLC  |c TOL  |d TXA  |d UtOrBLW 
049 |a TXAM 
050 0 0 |a V163  |b .M2 
090 |a V163  |b .M2 1911 
092 |a 359  |b M214n 
100 1 |a Mahan, A. T.  |q (Alfred Thayer),  |d 1840-1914. 
245 1 0 |a Naval strategy compared and contrasted with the principles and practice of military operations on land :  |b lectures delivered at the U. S. Naval War College, Newport, R.I., between the years 1887 and 1911 /  |c by A.T. Mahan. 
264 1 |a Boston :  |b Little, Brown, and Co.,  |c 1911 
264 3 |c 1918 printing 
300 |a xxii, 475 pages :  |b maps (some folded) ;  |c 23 cm. 
336 |a text  |b txt  |2 rdacontent 
337 |a unmediated  |b n  |2 rdamedia 
338 |a volume  |b nc  |2 rdacarrier 
500 |a Includes index. 
650 0 |a Naval art and science. 
650 0 |a Strategy. 
999 |a MARS 
999 f f |s 85180b8e-392f-330c-a225-d4f3092509a4  |i 9b8f7610-20e9-3564-ac8c-adff78b06ce7  |t 0 
952 f f |p noncirc  |a Texas A&M University  |b College Station  |c Cushing Memorial Library & Archives  |d Cushing: Ragan Military (Does not check out)  |t 0  |e V163 .M2 1911  |h Library of Congress classification  |i unmediated -- volume 
998 f f |a V163 .M2 1911  |t 0  |l Cushing: Ragan Military (Does not check out)